The Only Landlocked Country... - Statistics

General Stats
  • This quiz has been taken 57,654 times
    55,422 since last reset
  • The average score is 14 of 20
Answer Stats
Hint Answer % Correct
With more horses than people Mongolia
93%
Completely surrounded by South Africa Lesotho
91%
Which borders Italy and Czechia Austria
89%
Bordering Cambodia Laos
89%
Larger than the country in the first answer Kazakhstan
87%
Which has a smaller area than some buildings Vatican City
87%
That is majority Hindu Nepal
84%
Where Albanian is the most-spoken language Kosovo
80%
Had a naming dispute with Greece North Macedonia
77%
Established in 2011 South Sudan
75%
Which touches Lake Victoria Uganda
67%
That starts with P Paraguay
65%
With Romansh as an official language Switzerland
63%
Named after a man nicknamed "El Libertador" Bolivia
62%
Has printed a trillion dollar bill Zimbabwe
60%
Which was invaded by the Soviets, British, and Americans Afghanistan
58%
With a population > 100 million Ethiopia
49%
With a three-word name Central African Republic
48%
That speaks a Uralic language Hungary
38%
Where the most popular sport is archery Bhutan
33%
No matching quizzes found
Score Distribution
Percent of People with Each Score
Percentile by Number Answered
Your Score History
You have not taken this quiz since the last reset